[Event "New York Marshall CC-ch 106th"]
[Site "New York"]
[Date "2022.12.17"]
[Round "6"]
[White "Khamrakulov, Djurabek"]
[Black "Kudrin, Sergey"]
[Result "1-0"]
[WhiteElo "2491"]
[BlackElo "2403"]
[PlyCount "95"]
[EventDate "2022.12.09"]
[EventType "swiss"]
[EventRounds "9"]
[EventCountry "USA"]
[SourceTitle "CBM 212 Extra"]
[Source "ChessBase"]
[SourceDate "2023.03.31"]
[SourceVersion "1"]
[SourceVersionDate "2023.03.31"]
[SourceQuality "1"]

1. e4 c5 2. c3 d5 3. exd5 Qxd5 4. d4 g6 5. Nf3 Bg7 6. Nbd2 cxd4 7. Bc4 Qh5 8. cxd4 Nh6 9. Ne4 Qa5+ 10. Bd2 Qd8 11. h4 Nf5 12. Qa4+ Bd7 13. Qb3 0-0 14. h5 Qb6 15. hxg6 hxg6 16. Bc3 Nc6 17. 0-0-0 Qxb3 18. Bxb3 b6 19. g4 Nd6 20. Nxd6 exd6 21. Nh4 Bh6+ 22. Kb1 Kg7 23. Rdg1 f6 24. Bc2 Ne7 25. Bb4 Bc6 26. f3 Bf4 27. Ng2 Nd5 28. Nxf4 Nxf4 29. Bxd6 Ne2 30. Bxf8+ Rxf8 31. Re1 Bxf3 32. Rh2 Nxd4 33. Re7+ Rf7 34. Rh7+ Kxh7 35. Rxf7+ Kh6 36. Rxf6 Nxc2 37. Kxc2 Bxg4 38. Rf7 a6 39. Rf6 Kg5 40. Rxb6 Bc8 41. Kd2 Kf5 42. Ke3 g5 43. Rc6 Bb7 44. Rc7 Bd5 45. Rc5 Ke6 46. Ra5 Bc4 47. Kd4 Bb5 48. a4 1-0

[Event "New York Marshall CC-ch 106th"]
[Site "New York"]
[Date "2022.12.10"]
[Round "3"]
[White "Tanenbaum, Zachary Chen"]
[Black "Kudrin, Sergey"]
[Result "1/2-1/2"]
[WhiteElo "2188"]
[BlackElo "2403"]
[PlyCount "79"]
[EventDate "2022.12.09"]
[EventType "swiss"]
[EventRounds "9"]
[EventCountry "USA"]
[SourceTitle "CBM 212 Extra"]
[Source "ChessBase"]
[SourceDate "2023.03.31"]
[SourceVersion "1"]
[SourceVersionDate "2023.03.31"]
[SourceQuality "1"]

1. e4 c5 2. Nf3 g6 3. d4 cxd4 4. Nxd4 Nc6 5. Nc3 Bg7 6. Be3 Nf6 7. Bc4 0-0 8. Bb3 d6 9. h3 Na5 10. 0-0 b6 11. Qd2 Bb7 12. f3 Rc8 13. Qd3 a6 14. a4 Nd7 15. Rad1 Ne5 16. Qe2 Nec4 17. Bxc4 Nxc4 18. Bc1 Qc7 19. Qf2 e6 20. b3 Na5 21. Bb2 Rfd8 22. Rd3 d5 23. exd5 Bxd5 24. Nxd5 Rxd5 25. c4 Rd7 26. Rfd1 Rcd8 27. Kh1 h5 28. Qe2 Kh7 29. Qc2 Rd6 30. Bc3 Nc6 31. Nxc6 Qxc6 32. Bxg7 Kxg7 33. Qc3+ Kg8 34. Rxd6 Rxd6 35. Rxd6 Qxd6 36. a5 Qd1+ 37. Kh2 Qd6+ 38. Kh1 Qd1+ 39. Kh2 Qd6+ 40. Kh1 1/2-1/2

[Event "Marshall CC-ch 104th"]
[Site "Chess.com INT"]
[Date "2020.12.20"]
[Round "4"]
[White "Kudrin, Sergey"]
[Black "Sarkar, Justin"]
[Result "1/2-1/2"]
[WhiteElo "2420"]
[BlackElo "2366"]
[PlyCount "35"]
[EventDate "2020.12.19"]
[EventType "swiss"]
[EventRounds "9"]
[EventCountry "USA"]
[SourceTitle "CBM 200 Extra"]
[Source "ChessBase"]
[SourceDate "2021.03.31"]
[SourceVersion "1"]
[SourceVersionDate "2021.03.31"]
[SourceQuality "1"]

1. e4 e5 2. Nf3 Nc6 3. Bc4 Nf6 4. d3 Bc5 5. c3 0-0 6. 0-0 d5 7. exd5 Nxd5 8. Re1 Bg4 9. h3 Bh5 10. Nbd2 Nb6 11. Bb3 Qxd3 12. Nxe5 Qf5 13. Nef3 Rad8 14. Qe2 Qc8 15. Ne4 Rfe8 16. Bg5 Be7 17. Bf4 Nd5 18. Bg3 1/2-1/2

[Event "WchT Seniors 50"]
[Site "Dresden"]
[Date "2018.07.15"]
[Round "9.2"]
[White "Barron, Michael"]
[Black "Kudrin, Sergey"]
[Result "0-1"]
[WhiteElo "2123"]
[BlackElo "2468"]
[PlyCount "94"]
[EventDate "2018.07.07"]
[EventType "team-swiss"]
[EventRounds "9"]
[EventCountry "GER"]
[SourceTitle "CBM 185 Extra"]
[Source "ChessBase"]
[SourceDate "2018.07.29"]
[SourceVersion "1"]
[SourceVersionDate "2018.07.29"]
[SourceQuality "1"]
[WhiteTeam "Canada"]
[BlackTeam "United States"]
[WhiteTeamCountry "CAN"]
[BlackTeamCountry "USA"]

1. e4 c5 2. Nf3 d6 3. d4 cxd4 4. Nxd4 Nf6 5. Nc3 g6 6. Be2 Bg7 7. 0-0 0-0 8. Kh1 Nc6 9. Nb3 a6 10. f4 b5 11. Bf3 Bb7 12. Nd5 Nd7 13. c3 e6 14. Ne3 Qc7 15. Qe2 a5 16. Rd1 b4 17. Nd4 Nxd4 18. cxd4 e5 19. dxe5 dxe5 20. Nd5 Bxd5 21. exd5 Qd6 22. g3 Rfe8 23. fxe5 Bxe5 24. Qg2 Kg7 25. Rb1 Rac8 26. b3 h5 27. Qd2 Rh8 28. Bb2 h4 29. Kg2 Bc3 30. Rbc1 Qf6 31. Bxc3 Rxc3 32. Rxc3 bxc3 33. Qf4 Ne5 34. Be4 h3+ 35. Kg1 Qb6+ 36. Qf2 Qxf2+ 37. Kxf2 f5 38. Bd3 Ng4+ 39. Kg1 Ne3 40. Rc1 Nxd5 41. Bc4 Rd8 42. Kf2 Nf6 43. Ke3 Ng4+ 44. Kf4 Rd4+ 45. Kf3 Ne5+ 46. Ke3 Re4+ 47. Kf2 Rxc4 0-1

[Event "Edward Lasker Memorial 100th"]
[Site "New York"]
[Date "2016.12.11"]
[Round "4"]
[White "Kudrin, Sergey"]
[Black "Brodsky, David"]
[Result "1-0"]
[WhiteElo "2508"]
[BlackElo "2347"]
[PlyCount "55"]
[EventDate "2016.12.09"]
[EventType "swiss"]
[EventRounds "9"]
[EventCountry "USA"]
[SourceTitle "EXT 2018"]
[Source "ChessBase"]
[SourceDate "2017.10.13"]
[SourceVersion "1"]
[SourceVersionDate "2017.10.13"]
[SourceQuality "1"]

1. e4 c6 2. Nc3 d5 3. Nf3 Nf6 4. e5 Ne4 5. Ne2 Qb6 6. d4 e6 7. Nfg1 f6 8. f3 Ng5 9. exf6 gxf6 10. f4 Ne4 11. Nf3 c5 12. Ng3 Nc6 13. Bd3 cxd4 14. Nxe4 dxe4 15. Bxe4 Bb4+ 16. Bd2 Bxd2+ 17. Qxd2 Qxb2 18. 0-0 Qc3 19. Rfd1 Bd7 20. Nxd4 Qc5 21. Qf2 0-0-0 22. Rab1 e5 23. Nb5 Nd4 24. Nxd4 exd4 25. Bxb7+ Kc7 26. Rxd4 Qc3 27. Bf3 Rb8 28. Rbd1 1-0

[Event "Dayton Masters"]
[Site "Dayton"]
[Date "2016.07.22"]
[Round "9"]
[White "Tang, Andrew"]
[Black "Kudrin, Sergey"]
[Result "1/2-1/2"]
[WhiteElo "2421"]
[BlackElo "2502"]
[PlyCount "55"]
[EventDate "2016.07.18"]
[EventType "tourn"]
[EventRounds "9"]
[EventCountry "USA"]
[EventCategory "8"]
[SourceTitle "CBM 173 Extra"]
[Source "ChessBase"]
[SourceDate "2016.08.29"]
[SourceVersion "1"]
[SourceVersionDate "2016.08.29"]
[SourceQuality "1"]

1. d4 Nf6 2. c4 g6 3. f3 d5 4. cxd5 Nxd5 5. e4 Nb6 6. Nc3 Bg7 7. Be3 0-0 8. Qd2 Nc6 9. 0-0-0 a5 10. h4 a4 11. h5 Na5 12. hxg6 fxg6 13. Bh6 Nac4 14. Bxc4+ Nxc4 15. Qd3 Bxh6+ 16. Rxh6 e6 17. f4 b5 18. Nxb5 Rxf4 19. Qxc4 Qg5 20. Kb1 Qxh6 21. Nxc7 Ra7 22. Nxe6 Bxe6 23. Qxe6+ Rff7 24. Nf3 Qe3 25. Qe8+ Rf8 26. Qe6+ Rff7 27. Qe8+ Rf8 28. Qe6+ 1/2-1/2

[Event "Dayton Masters"]
[Site "Dayton"]
[Date "2016.07.20"]
[Round "6"]
[White "Kudrin, Sergey"]
[Black "Li, Ruifeng"]
[Result "1/2-1/2"]
[WhiteElo "2502"]
[BlackElo "2535"]
[PlyCount "135"]
[EventDate "2016.07.18"]
[EventType "tourn"]
[EventRounds "9"]
[EventCountry "USA"]
[EventCategory "8"]
[SourceTitle "CBM 173 Extra"]
[Source "ChessBase"]
[SourceDate "2016.08.29"]
[SourceVersion "1"]
[SourceVersionDate "2016.08.29"]
[SourceQuality "1"]

1. e4 c5 2. Nf3 d6 3. d4 cxd4 4. Nxd4 Nf6 5. Nc3 a6 6. a4 g6 7. Be2 Bg7 8. 0-0 0-0 9. Be3 Nbd7 10. f4 Qc7 11. Nd5 Nxd5 12. exd5 Nf6 13. c4 Bd7 14. a5 Rac8 15. f5 Rb8 16. Kh1 b6 17. axb6 Rxb6 18. Nc6 Rxc6 19. dxc6 Bxc6 20. Bd4 Qb7 21. Bf3 gxf5 22. Bxc6 Qxc6 23. Rxf5 Qxc4 24. Bxf6 Bxf6 25. Rxf6 exf6 26. Qxd6 Rc8 27. Qxf6 Qc1+ 28. Qf1 Qxb2 29. h3 Rc6 30. Rb1 Qf6 31. Qxf6 Rxf6 32. Rb8+ Kg7 33. Kh2 h5 34. Kg3 Rf5 35. Rb6 a5 36. Ra6 Kf8 37. Ra7 Ke8 38. Kh4 Kf8 39. Kg3 Kg7 40. Ra6 f6 41. Kh4 Rc5 42. Ra7+ Kg6 43. g4 Rb5 44. Ra6 hxg4 45. hxg4 Kf7 46. Kg3 Rb3+ 47. Kh4 Rb5 48. Kg3 Rc5 49. Kh4 Ke7 50. Kg3 Rc3+ 51. Kh4 Ra3 52. Kh5 Ra4 53. g5 fxg5 54. Kxg5 Kd7 55. Kf5 Kc7 56. Ke5 Kb7 57. Rh6 Rg4 58. Kd5 a4 59. Kc5 a3 60. Kb5 a2 61. Rh7+ Kb8 62. Rh8+ Kc7 63. Ra8 Rg2 64. Kc4 Kb7 65. Ra3 Kb6 66. Kb3 Rg3+ 67. Kxa2 Rxa3+ 68. Kxa3 1/2-1/2

[Event "Dayton Masters"]
[Site "Dayton"]
[Date "2016.07.19"]
[Round "4"]
[White "Boor, Carl Brandon"]
[Black "Kudrin, Sergey"]
[Result "0-1"]
[WhiteElo "2307"]
[BlackElo "2502"]
[PlyCount "88"]
[EventDate "2016.07.18"]
[EventType "tourn"]
[EventRounds "9"]
[EventCountry "USA"]
[EventCategory "8"]
[SourceTitle "CBM 173 Extra"]
[Source "ChessBase"]
[SourceDate "2016.08.29"]
[SourceVersion "1"]
[SourceVersionDate "2016.08.29"]
[SourceQuality "1"]

1. d4 Nf6 2. c4 g6 3. Nc3 d5 4. Nf3 Bg7 5. cxd5 Nxd5 6. e4 Nxc3 7. bxc3 c5 8. Be2 Nc6 9. d5 Bxc3+ 10. Bd2 Bxa1 11. Qxa1 Nd4 12. Nxd4 cxd4 13. Qxd4 0-0 14. 0-0 Re8 15. Bc3 e5 16. Qd2 Bd7 17. f4 f6 18. fxe5 fxe5 19. Bc4 Qb6+ 20. Kh1 Qc5 21. Bb3 Rf8 22. d6+ Kg7 23. Rf3 Rae8 24. h3 h6 25. Bd5 Rxf3 26. gxf3 Qxd6 27. f4 Qf6 28. Bxb7 Bxh3 29. Bd5 Qh4 30. Qe3 Kh7 31. Bxe5 Rc8 32. Bc3 Bd7+ 33. Kg2 Qh3+ 34. Qxh3 Bxh3+ 35. Kxh3 Rxc3+ 36. Kg4 Kg7 37. f5 Kf6 38. fxg6 Kxg6 39. a4 Rc5 40. Kf4 Ra5 41. Bc6 Kf6 42. Bb5 a6 43. Be8 Rc5 44. Bd7 Rc4 0-1

[Event "Dayton Masters"]
[Site "Dayton"]
[Date "2016.07.18"]
[Round "1"]
[White "Kudrin, Sergey"]
[Black "Gauri, Shankar"]
[Result "1/2-1/2"]
[WhiteElo "2502"]
[BlackElo "2337"]
[PlyCount "61"]
[EventDate "2016.07.18"]
[EventType "tourn"]
[EventRounds "9"]
[EventCountry "USA"]
[EventCategory "8"]
[SourceTitle "CBM 173 Extra"]
[Source "ChessBase"]
[SourceDate "2016.08.29"]
[SourceVersion "1"]
[SourceVersionDate "2016.08.29"]
[SourceQuality "1"]

1. e4 c6 2. Nc3 d5 3. Nf3 Nf6 4. e5 Ne4 5. Ne2 Qb6 6. d4 e6 7. Nfg1 f6 8. f3 Ng5 9. exf6 gxf6 10. f4 Nf7 11. Nf3 c5 12. f5 Bd6 13. fxe6 Bxe6 14. g3 Nc6 15. Bg2 0-0-0 16. 0-0 cxd4 17. Kh1 Bg4 18. a4 Nfe5 19. Nf4 Bc7 20. b3 h5 21. h3 Bxf3 22. Bxf3 Nxf3 23. Qxf3 Be5 24. Bb2 Kb8 25. Rad1 Nb4 26. Rd2 Rc8 27. Nxd5 Nxd5 28. Qxd5 Rcd8 29. Qe4 Rhg8 30. Rf3 Qc6 31. Qxc6 1/2-1/2

[Event "Edward Lasker Memorial 99th"]
[Site "New York"]
[Date "2015.12.13"]
[Round "4"]
[White "Kudrin, Sergey"]
[Black "Miyasaka, Marcus M"]
[Result "1-0"]
[WhiteElo "2495"]
[BlackElo "2192"]
[PlyCount "76"]
[EventDate "2015.12.11"]
[EventType "swiss"]
[EventRounds "9"]
[EventCountry "USA"]
[SourceTitle "CBM 170 Extra"]
[Source "ChessBase"]
[SourceDate "2016.02.25"]
[SourceVersion "1"]
[SourceVersionDate "2016.02.25"]
[SourceQuality "1"]

1. e4 c6 2. Nc3 d5 3. Nf3 Bg4 4. h3 Bxf3 5. Qxf3 Nf6 6. d4 dxe4 7. Qe3 Nbd7 8. Nxe4 e6 9. Be2 Nxe4 10. Qxe4 Qa5+ 11. c3 Qd5 12. Bf3 Qxe4+ 13. Bxe4 0-0-0 14. 0-0 Nf6 15. Bf3 Bd6 16. Rd1 e5 17. dxe5 Bxe5 18. Be3 a6 19. Kf1 Bc7 20. Rac1 Rhe8 21. c4 Rxd1+ 22. Rxd1 Rd8 23. Rc1 Re8 24. b4 Nd7 25. a4 Bb6 26. c5 Bc7 27. Rb1 Ne5 28. Be2 f5 29. g4 fxg4 30. hxg4 Ng6 31. Bd3 Rd8 32. Bf5+ Kb8 33. b5 axb5 34. axb5 cxb5 35. Rxb5 Ka7 36. Be4 Rb8 37. c6+ Ka6 38. Bd3 Rd8 1-0

[Event "Edward Lasker Memorial 99th"]
[Site "New York"]
[Date "2015.12.12"]
[Round "2"]
[White "Kudrin, Sergey"]
[Black "Barrett, Stephen J"]
[Result "1-0"]
[WhiteElo "2495"]
[BlackElo "2191"]
[PlyCount "81"]
[EventDate "2015.12.11"]
[EventType "swiss"]
[EventRounds "9"]
[EventCountry "USA"]
[SourceTitle "CBM 170 Extra"]
[Source "ChessBase"]
[SourceDate "2016.02.25"]
[SourceVersion "1"]
[SourceVersionDate "2016.02.25"]
[SourceQuality "1"]

1. e4 c5 2. Nf3 e6 3. d4 cxd4 4. Nxd4 Nf6 5. Nc3 d6 6. g4 a6 7. g5 Nfd7 8. h4 b5 9. a3 Nb6 10. Be3 N8d7 11. f4 Bb7 12. f5 exf5 13. Nxf5 Ne5 14. Bxb6 Qxb6 15. Nd5 Bxd5 16. Qxd5 Rc8 17. 0-0-0 Qc5 18. Rh2 g6 19. Nxd6+ Bxd6 20. Qxd6 Qxd6 21. Rxd6 Rc6 22. Rxc6 Nxc6 23. a4 Na7 24. Rf2 bxa4 25. Bxa6 h6 26. Bc4 hxg5 27. Bxf7+ Ke7 28. Bxg6 gxh4 29. Rf7+ Kd6 30. Rxa7 h3 31. e5+ Kxe5 32. Ra5+ Kf4 33. Rxa4+ Ke3 34. b3 h2 35. Be4 h1Q+ 36. Bxh1 Rxh1+ 37. Kb2 Rh8 38. Rc4 Ra8 39. b4 Kd2 40. Rd4+ Ke3 41. Rd7 1-0

[Event "USA tt"]
[Site "ICC INT"]
[Date "2015.10.20"]
[Round "9"]
[White "Schroer, Jonathan"]
[Black "Kudrin, Sergey"]
[Result "1/2-1/2"]
[WhiteElo "2349"]
[BlackElo "2505"]
[PlyCount "60"]
[EventDate "2015.08.25"]
[EventType "team-swiss"]
[EventRounds "10"]
[EventCountry "USA"]
[SourceTitle "EXT 2017"]
[Source "ChessBase"]
[SourceDate "2016.10.25"]
[SourceVersion "1"]
[SourceVersionDate "2016.10.25"]
[SourceQuality "1"]
[WhiteTeam "Carolina"]
[BlackTeam "Connecticut"]
[WhiteTeamCountry "USA"]
[BlackTeamCountry "USA"]

1. d4 Nf6 2. c4 g6 3. f3 Nc6 4. e4 e5 5. Ne2 Bb4+ 6. Bd2 exd4 7. Bxb4 Nxb4 8. Nxd4 0-0 9. Nc3 Nh5 10. g3 d6 11. Qd2 c6 12. Be2 Qe7 13. 0-0-0 Rd8 14. Rhe1 Bd7 15. Kb1 Ng7 16. h4 Be6 17. f4 f6 18. g4 Bf7 19. Bf1 a5 20. g5 Na6 21. Qf2 Nc5 22. f5 Nd7 23. fxg6 hxg6 24. Nf3 fxg5 25. hxg5 Ne5 26. Nxe5 dxe5 27. Qg3 Nh5 28. Qh4 Rxd1+ 29. Nxd1 a4 30. a3 Rd8 1/2-1/2

[Event "USA tt"]
[Site "ICC INT"]
[Date "2015.10.06"]
[Round "7"]
[White "Bartell, Thomas"]
[Black "Kudrin, Sergey"]
[Result "1-0"]
[WhiteElo "2345"]
[BlackElo "2505"]
[PlyCount "77"]
[EventDate "2015.08.25"]
[EventType "team-swiss"]
[EventRounds "10"]
[EventCountry "USA"]
[SourceTitle "EXT 2017"]
[Source "ChessBase"]
[SourceDate "2016.10.25"]
[SourceVersion "1"]
[SourceVersionDate "2016.10.25"]
[SourceQuality "1"]
[WhiteTeam "Philadelphia"]
[BlackTeam "Connecticut"]
[WhiteTeamCountry "USA"]
[BlackTeamCountry "USA"]

1. d4 Nf6 2. c4 g6 3. f3 d5 4. cxd5 Nxd5 5. e4 Nb6 6. Nc3 Bg7 7. Be3 Nc6 8. d5 Ne5 9. Bd4 0-0 10. f4 Ng4 11. Bxg7 Kxg7 12. Be2 e5 13. Bxg4 Qh4+ 14. g3 Qxg4 15. Qxg4 Bxg4 16. h3 Bd7 17. 0-0-0 f6 18. Nf3 Rae8 19. h4 Nc4 20. Rde1 c5 21. h5 Bg4 22. h6+ Kg8 23. Rhf1 Nd6 24. fxe5 fxe5 25. Ng5 b5 26. b3 Bd7 27. Nd1 b4 28. Ne3 Rc8 29. Kd2 c4 30. bxc4 Nxc4+ 31. Nxc4 Rxc4 32. Rxf8+ Kxf8 33. Nxh7+ Ke7 34. Ng5 Kf6 35. Rc1 Rxc1 36. Kxc1 a5 37. Nf3 Be8 38. Nxe5 g5 39. d6 1-0

[Event "Las Vegas National op"]
[Site "Las Vegas"]
[Date "2012.06.17"]
[Round "6"]
[White "Kudrin, Sergey"]
[Black "Hansen, Eric"]
[Result "0-1"]
[WhiteElo "2550"]
[BlackElo "2454"]
[PlyCount "86"]
[EventDate "2012.06.15"]
[EventType "swiss"]
[EventRounds "9"]
[EventCountry "USA"]
[SourceTitle "CBM 148 Extra"]
[Source "ChessBase"]
[SourceDate "2012.06.22"]
[SourceVersion "1"]
[SourceVersionDate "2012.06.22"]
[SourceQuality "1"]

1. e4 e5 2. Nf3 Nc6 3. Bc4 Bc5 4. c3 Nf6 5. d3 0-0 6. 0-0 d6 7. Re1 a6 8. Bb3 Ba7 9. Bg5 h6 10. Bh4 Kh7 11. Nbd2 g5 12. Bg3 g4 13. Nh4 Nh5 14. Nf1 Qg5 15. Ne3 Ne7 16. d4 Nxg3 17. hxg3 Qf6 18. Nxg4 Bxg4 19. Qxg4 exd4 20. Qf3 Kg7 21. Rad1 dxc3 22. bxc3 Rae8 23. Rd3 Ng6 24. Qxf6+ Kxf6 25. Nf5 h5 26. Kf1 Ne5 27. Rd5 Nd7 28. f4 Nb6 29. Rd2 Rg8 30. Ree2 Rg4 31. Rd3 Rgg8 32. Kf2 d5 33. Ne3 Rxe4 34. Kf3 c6 35. Red2 Rge8 36. Nc2 a5 37. a3 Nd7 38. Ba2 Nc5 39. Rd4 R4e7 40. c4 Ne4 41. cxd5 Bxd4 42. Rxd4 c5 43. Rd3 Rg8 0-1

[Event "Las Vegas National op"]
[Site "Las Vegas"]
[Date "2012.06.16"]
[Round "4"]
[White "Kudrin, Sergey"]
[Black "Diamant, Andre"]
[Result "0-1"]
[WhiteElo "2550"]
[BlackElo "2472"]
[PlyCount "74"]
[EventDate "2012.06.15"]
[EventType "swiss"]
[EventRounds "9"]
[EventCountry "USA"]
[SourceTitle "CBM 148 Extra"]
[Source "ChessBase"]
[SourceDate "2012.06.22"]
[SourceVersion "1"]
[SourceVersionDate "2012.06.22"]
[SourceQuality "1"]

1. e4 c5 2. Nf3 Nc6 3. d4 cxd4 4. Nxd4 g6 5. Nc3 Bg7 6. Be3 Nf6 7. Bc4 0-0 8. Bb3 a5 9. 0-0 d6 10. Ndb5 a4 11. Nxa4 Nxe4 12. Bb6 Qd7 13. Qe2 Nf6 14. c4 Qe6 15. Qd1 Qf5 16. Nc7 Rb8 17. Nc3 Bd7 18. Re1 Rbc8 19. Qd2 Ne5 20. N7d5 Nxd5 21. Nxd5 Rfe8 22. Nc7 Bc6 23. f4 Rxc7 24. Bxc7 Nxc4 25. Bxc4 Qc5+ 26. Kh1 Qxc4 27. Ba5 Bh6 28. Rf1 e5 29. Rac1 Qxa2 30. Bc3 d5 31. b4 Qxd2 32. Bxd2 d4 33. Kg1 e4 34. Rc5 e3 35. Bc1 Bf8 36. Re5 Rxe5 37. fxe5 Bxb4 0-1

[Event "Continental Class-ch"]
[Site "Arlington"]
[Date "2011.10.10"]
[Round "9"]
[White "Kekelidze, Mikheil"]
[Black "Kudrin, Sergey"]
[Result "0-1"]
[WhiteElo "2459"]
[BlackElo "2535"]
[PlyCount "100"]
[EventDate "2011.10.06"]
[EventType "swiss"]
[EventRounds "9"]
[EventCountry "USA"]
[SourceTitle "CBM 144 Extra"]
[Source "ChessBase"]
[SourceDate "2011.10.28"]
[SourceVersion "1"]
[SourceVersionDate "2011.10.28"]
[SourceQuality "1"]

1. d4 Nf6 2. c4 g6 3. Nc3 d5 4. Bg5 Ne4 5. Bf4 Nxc3 6. bxc3 Bg7 7. e3 0-0 8. Nf3 c5 9. cxd5 cxd4 10. cxd4 Qxd5 11. Be2 Nc6 12. 0-0 Bf5 13. Qa4 Qa5 14. Qb3 Be4 15. Rfc1 Rac8 16. a3 e5 17. dxe5 Nxe5 18. Nxe5 Bxe5 19. Bxe5 Qxe5 20. Qb5 Qf6 21. Bf1 Rc2 22. Rxc2 Qxa1 23. Qb2 Qxb2 24. Rxb2 Rd8 25. f3 Bc6 26. Be2 Rd5 27. Kf2 Rc5 28. Bd1 Rc1 29. Bb3 Kf8 30. e4 Ke7 31. Ke3 f6 32. Kd4 Kd6 33. Rd2 Rh1 34. g3 Ra1 35. Ba2 g5 36. Re2 Rf1 37. Ke3 Ke5 38. Rc2 Rxf3+ 39. Kxf3 Bxe4+ 40. Ke3 Bxc2 41. Bc4 h6 42. Be2 f5 43. h4 gxh4 44. gxh4 Be4 45. Bh5 f4+ 46. Kf2 Kd4 47. Bg4 Kc3 48. h5 Kb3 49. Bf3 Bxf3 50. Kxf3 Kxa3 0-1

[Event "Continental Class-ch"]
[Site "Arlington"]
[Date "2011.10.09"]
[Round "6"]
[White "Yang, Darwin"]
[Black "Kudrin, Sergey"]
[Result "1/2-1/2"]
[WhiteElo "2439"]
[BlackElo "2535"]
[PlyCount "52"]
[EventDate "2011.10.06"]
[EventType "swiss"]
[EventRounds "9"]
[EventCountry "USA"]
[SourceTitle "CBM 144 Extra"]
[Source "ChessBase"]
[SourceDate "2011.10.28"]
[SourceVersion "1"]
[SourceVersionDate "2011.10.28"]
[SourceQuality "1"]

1. d4 Nf6 2. c4 g6 3. f3 d5 4. cxd5 Nxd5 5. e4 Nb6 6. Nc3 Bg7 7. Be3 0-0 8. Qd2 Nc6 9. 0-0-0 f5 10. e5 Nb4 11. Nh3 Be6 12. Kb1 Qd7 13. Nf4 Rfd8 14. a3 a5 15. Bb5 c6 16. d5 N6xd5 17. axb4 Nxf4 18. Qxd7 Rxd7 19. Rxd7 Bxd7 20. Bxf4 cxb5 21. Nd5 Kf7 22. Nb6 Rd8 23. Rd1 Ke8 24. Nd5 Rc8 25. Nb6 Rd8 26. Nd5 Rc8 1/2-1/2

[Event "Manhattan op"]
[Site "New York"]
[Date "2011.08.20"]
[Round "6"]
[White "Krush, Irina"]
[Black "Kudrin, Sergey"]
[Result "1/2-1/2"]
[WhiteElo "2486"]
[BlackElo "2547"]
[PlyCount "66"]
[EventDate "2011.08.17"]
[EventType "swiss"]
[EventRounds "9"]
[EventCountry "USA"]
[SourceTitle "CBM 143 Extra"]
[Source "ChessBase"]
[SourceDate "2011.08.29"]
[SourceVersion "1"]
[SourceVersionDate "2011.08.29"]
[SourceQuality "1"]

1. c4 e5 2. Nc3 c5 3. Nf3 Nc6 4. e3 Nf6 5. a3 d5 6. cxd5 Nxd5 7. Qc2 Be7 8. Bb5 Qd6 9. 0-0 Nf6 10. b3 0-0 11. Bb2 Bd7 12. Bd3 g6 13. Ng5 Bg4 14. Nce4 Nxe4 15. Nxe4 Qd7 16. Bb5 Bf5 17. d3 Nd4 18. exd4 Qxb5 19. a4 Qc6 20. dxe5 Rad8 21. Rfd1 Rd5 22. Ng3 Be6 23. Ne4 Bf5 24. Re1 Rfd8 25. Rad1 Qd7 26. Nf6+ Bxf6 27. exf6 Rxd3 28. Rxd3 Qxd3 29. Qxc5 h5 30. Qc3 Qxc3 31. Bxc3 Bc2 32. a5 Bxb3 33. h4 Rd1 1/2-1/2

[Event "Manhattan op"]
[Site "New York"]
[Date "2011.08.19"]
[Round "5"]
[White "Kudrin, Sergey"]
[Black "Nagle, Sean"]
[Result "1-0"]
[WhiteElo "2547"]
[BlackElo "2379"]
[PlyCount "119"]
[EventDate "2011.08.17"]
[EventType "swiss"]
[EventRounds "9"]
[EventCountry "USA"]
[SourceTitle "CBM 143 Extra"]
[Source "ChessBase"]
[SourceDate "2011.08.29"]
[SourceVersion "1"]
[SourceVersionDate "2011.08.29"]
[SourceQuality "1"]

1. e4 d5 2. exd5 Qxd5 3. Nc3 Qa5 4. d4 Nf6 5. Nf3 c6 6. Bd2 Bf5 7. Ne4 Qb6 8. Nxf6+ gxf6 9. b4 Nd7 10. a3 e5 11. Bc4 Bg7 12. 0-0 Bg6 13. dxe5 fxe5 14. Bc3 Qc7 15. Re1 0-0 16. Qc1 Rae8 17. Qb2 Re7 18. Bb3 Rfe8 19. Nh4 Nb6 20. Rad1 Rd8 21. Rxd8+ Qxd8 22. Qa1 Nd5 23. Bb2 Qc7 24. g3 Qd7 25. Nxg6 hxg6 26. Rd1 Qf5 27. Bxd5 cxd5 28. Rxd5 Qxc2 29. Bxe5 Bxe5 30. Rxe5 Rxe5 31. Qxe5 Qc1+ 32. Kg2 Qc6+ 33. Kh3 Qd7+ 34. g4 Qd3+ 35. Qe3 Qf1+ 36. Kh4 Qh1 37. h3 a6 38. f4 Qc6 39. Kg3 Kh7 40. h4 Qd5 41. Qf3 Qd2 42. f5 Qd6+ 43. Kh3 Qd7 44. Qe4 Kg7 45. fxg6 fxg6 46. Qe5+ Kg8 47. Kg3 Qd3+ 48. Kf4 Qd2+ 49. Qe3 Qd6+ 50. Kf3 Kh7 51. Qe4 Qd1+ 52. Kg3 Qg1+ 53. Kf4 Qh2+ 54. Kg5 Qd2+ 55. Kf6 Qf2+ 56. Ke6 Qxh4 57. Qxb7+ Kh6 58. Qf3 Qg5 59. Qf8+ Kh7 60. Qe7+ 1-0

[Event "World op 39th"]
[Site "Philadelphia"]
[Date "2011.07.03"]
[Round "7"]
[White "Yang, Darwin"]
[Black "Kudrin, Sergey"]
[Result "1/2-1/2"]
[WhiteElo "2432"]
[BlackElo "2543"]
[PlyCount "95"]
[EventDate "2011.06.30"]
[EventType "swiss"]
[EventRounds "9"]
[EventCountry "USA"]
[SourceTitle "CBM 143 Extra"]
[Source "ChessBase"]
[SourceDate "2011.08.29"]
[SourceVersion "1"]
[SourceVersionDate "2011.08.29"]
[SourceQuality "1"]

1. d4 Nf6 2. c4 g6 3. f3 d5 4. cxd5 Nxd5 5. e4 Nb6 6. Nc3 Bg7 7. Be3 Nc6 8. d5 Ne5 9. Bd4 0-0 10. f4 Ng4 11. Bxg7 Kxg7 12. Qd4+ Nf6 13. Nf3 c6 14. 0-0-0 Bg4 15. dxc6 Bxf3 16. gxf3 bxc6 17. Qxd8 Raxd8 18. Rxd8 Rxd8 19. Ba6 Nh5 20. Ne2 Kf6 21. Rd1 Rxd1+ 22. Kxd1 e5 23. fxe5+ Kxe5 24. Kd2 Nf4 25. Nc1 g5 26. Ke3 f6 27. b4 Kd6 28. Nb3 Nd7 29. Bf1 c5 30. a3 cxb4 31. axb4 Ne5 32. Nd4 Nc6 33. Nc2 Kc7 34. Bc4 a5 35. bxa5 Nxa5 36. Bf1 Nc6 37. Na1 Kd6 38. Nb3 Ne5 39. Ba6 Ng2+ 40. Kf2 Nf4 41. Ke3 Neg6 42. Bf1 Nh4 43. Kf2 Ke5 44. Ke3 Nhg6 45. Nd2 Kd6 46. Nb3 Ne6 47. Bh3 Ngf4 48. Bf1 1/2-1/2